Vyzantines, metavyzantines ekklēsies tēs Tēlou : ereuna kai prosthēkes stēn Dōdekanēsiakē ekklēsiastikē architektonikē /
Saved in:
| Main Author: | |
|---|---|
| Format: | Book |
| Language: | Greek |
| Published: |
Athēna :
[s.n.],
1987.
|
| Subjects: | |
| Tags: |
Add Tag
No Tags, Be the first to tag this record!
|
| LEADER | 00964nam a2200265Ia 4500 | ||
|---|---|---|---|
| 001 | 002926257-7 | ||
| 005 | 20050319132249.0 | ||
| 008 | 930303s1987 gr a b 000 0 greod | ||
| 035 | 0 | |a ocm27661995 | |
| 040 | |a DDO |c DDO | ||
| 041 | 0 | |a gre |b eng | |
| 043 | |a e-gr--- | ||
| 050 | 4 | |a NA5601.T59 |b M68 1987 | |
| 100 | 1 | |a Mouzakēs, Stelios A. | |
| 245 | 1 | 0 | |a Vyzantines, metavyzantines ekklēsies tēs Tēlou : |b ereuna kai prosthēkes stēn Dōdekanēsiakē ekklēsiastikē architektonikē / |c Steliou A. Mouzakē. |
| 260 | |a Athēna : |b [s.n.], |c 1987. | ||
| 300 | |a [8], 64, [8] p. : |b ill. ; |c 24 cm. | ||
| 500 | |a Romanized record. | ||
| 500 | |a Summary in English. | ||
| 500 | |a On verso of t.p.: Anatypo apo ta "Dōdekanēsiaka Chronika" [12] (1987), sel. 145-213. | ||
| 504 | |a Includes bibliographical references (p. [vii]). | ||
| 650 | 0 | |a Church architecture |z Greece |z Telos Island. | |
| 651 | 0 | |a Telos Island (Greece) |x Antiquities. | |
| 988 | |a 20020608 | ||
| 906 | |0 MH | ||


